000 00354nam a2200133Ia 4500
008 240729s9999 xx 000 0 und d
245 4 _aThe Ochsner Journal
260 _aUnited States
260 _bOchsner Clinic Foundation
650 _aMedicine
856 _uhttps://doaj.org/toc/22a6562303dc49bc82b14acff14c4504
942 _2ddc
942 _cDOAJEJ
999 _c68603
_d68603
945 _a1
_bMadushi Gamage
_c1
_dMadushi Gamage